000 00361nam a2200133Ia 4500
008 151001s9999||||xx |||||||||||||| ||und||
100 _aP. K. Singh
245 _aCommon Diseases
250 _a1
260 _bPushapanjaly
260 _c2007
300 _a224
365 _b21
999 _c990531
_d990528